000 00838nam a2200253Ia 4500
003 GCL
008 140319s9999 xx 000 0 ara d
040 _aGCL /
_cGCL
082 0 4 _aق
_b930.1
_bم هـ
100 1 _aمحمد جمال الدين مختار
245 1 0 _aالهرم الدفين /
_cمحمد جمال الدين مختار
700 1 _aمحمد زكريا غنيم
700 1 _aزكى سوس
260 _aالقاهرة :
_bمكتبة مصر
300 _a238 ص ؛
_c24 سم
490 _aالالف كتاب
_v408
650 0 4 _aالاثار الفرعونية
650 0 4 _aالاهرام
650 0 4 _aالعمارة المصرية القديمة
650 0 4 _aالعمارة القديمة
650 0 4 _aمصر - الاثار الفرعونية
650 0 4 _aمصر - الاثار
942 _2ddc
_cBK
999 _c50519
_d50519